<?xml version="1.0" encoding="UTF-8"?>
<record
    xmlns:xsi="http://www.w3.org/2001/XMLSchema-instance"
    xsi:schemaLocation="http://www.loc.gov/MARC21/slim http://www.loc.gov/standards/marcxml/schema/MARC21slim.xsd"
    xmlns="http://www.loc.gov/MARC21/slim">

  <leader>01816nam a2200253 a 4500</leader>
  <controlfield tag="005">20141001160533.0</controlfield>
  <controlfield tag="008">140129b2005    ck ||||| |||| 00| 0 spa d</controlfield>
  <datafield tag="041" ind1=" " ind2=" ">
    <subfield code="a">spa</subfield>
  </datafield>
  <datafield tag="044" ind1=" " ind2=" ">
    <subfield code="a">ck</subfield>
  </datafield>
  <datafield tag="090" ind1=" " ind2=" ">
    <subfield code="a">IAVH</subfield>
    <subfield code="b">01057</subfield>
  </datafield>
  <datafield tag="100" ind1=" " ind2=" ">
    <subfield code="a">Ram&#xF3;n, Nelson Andr&#xE9;s</subfield>
    <subfield code="9">4956</subfield>
  </datafield>
  <datafield tag="245" ind1=" " ind2=" ">
    <subfield code="a">Manual de usuario de las DLL AAT, Tesaruros, referentes geogr&#xE1;ficos y citaciones V 1.0</subfield>
  </datafield>
  <datafield tag="260" ind1=" " ind2=" ">
    <subfield code="a">Bogot&#xE1;</subfield>
    <subfield code="b">Instituto Alexander von Humboldt</subfield>
    <subfield code="c">2005</subfield>
  </datafield>
  <datafield tag="300" ind1=" " ind2=" ">
    <subfield code="a">120 p.</subfield>
  </datafield>
  <datafield tag="520" ind1=" " ind2=" ">
    <subfield code="a">La librer&#xED;a din&#xE1;mica DLL, es una librer&#xED;a que puede ser instanciada por otro programa, para el manejo del referente geogr&#xE1;fico, archivos de autoridad taxon&#xF3;mica, citaciones, contactos y tesauros, los cuales est&#xE1;n estructurados de acuerdo con el est&#xE1;ndar de registros biol&#xF3;gicos y archivos de autoridad taxon&#xF3;mica. Fue desarrollada por el equipo coordinador del Sistema de Informaci&#xF3;n sobre Biodiversidad SIB, con el prop&#xF3;sito principal de facilitar y asegurar la consistencia de la informaci&#xF3;n y su actualizaci&#xF3;n. Permite: 1) crear, documentar y editar apropiadamente la informaci&#xF3;n de un registro; 2) documentar y editar la informaci&#xF3;n correspondiente a top&#xF3;nimos f&#xED;sicos y socioculturales; 3) documentar y editar la informaci&#xF3;n sobre el lugar de colecta; 4) las medidas de georreferenciaci&#xF3;n y altitudes ttomadas; 5) creaci&#xF3;n de nuevos top&#xF3;nimos; 6) creaci&#xF3;n de todo este conjunto de datos una sola vez y la posibilidad a cuantos registros biol&#xF3;gicos sea necesario asignarlo; 7) creaci&#xF3;n y asociaci&#xF3;n de nuevos taxones y la creaci&#xF3;n y asociaci&#xF3;n de nombres comunes a tesauros</subfield>
  </datafield>
  <datafield tag="650" ind1=" " ind2=" ">
    <subfield code="a">Manual</subfield>
    <subfield code="9">27410</subfield>
  </datafield>
  <datafield tag="650" ind1=" " ind2=" ">
    <subfield code="a">DDL</subfield>
    <subfield code="9">5834</subfield>
  </datafield>
  <datafield tag="650" ind1=" " ind2=" ">
    <subfield code="a">AAT</subfield>
    <subfield code="9">5835</subfield>
  </datafield>
  <datafield tag="650" ind1=" " ind2=" ">
    <subfield code="a">Tesauro</subfield>
    <subfield code="9">5836</subfield>
  </datafield>
  <datafield tag="650" ind1=" " ind2=" ">
    <subfield code="a">Referentes gegr&#xE1;ficos</subfield>
    <subfield code="9">5837</subfield>
  </datafield>
  <datafield tag="700" ind1=" " ind2=" ">
    <subfield code="a">Agudelo, Alan Agu&#xED;a</subfield>
    <subfield code="9">5838</subfield>
  </datafield>
  <datafield tag="942" ind1=" " ind2=" ">
    <subfield code="c">INFORME</subfield>
    <subfield code="2">z</subfield>
    <subfield code="0">1</subfield>
  </datafield>
  <datafield tag="945" ind1=" " ind2=" ">
    <subfield code="d">2008-07-25</subfield>
  </datafield>
  <datafield tag="999" ind1=" " ind2=" ">
    <subfield code="c">6442</subfield>
    <subfield code="d">6442</subfield>
  </datafield>
  <datafield tag="952" ind1=" " ind2=" ">
    <subfield code="0">0</subfield>
    <subfield code="1">0</subfield>
    <subfield code="2">z</subfield>
    <subfield code="4">0</subfield>
    <subfield code="7">0</subfield>
    <subfield code="8">HUMBOLDT</subfield>
    <subfield code="I">INV2017</subfield>
    <subfield code="a">Bogota</subfield>
    <subfield code="b">Bogota</subfield>
    <subfield code="d">2008-07-25</subfield>
    <subfield code="l">1</subfield>
    <subfield code="o">IAVH-01057</subfield>
    <subfield code="p">026243</subfield>
    <subfield code="r">2024-08-09 00:00:00</subfield>
    <subfield code="s">2014-07-14</subfield>
    <subfield code="t">Ej. 1</subfield>
    <subfield code="w">2012-12-04</subfield>
    <subfield code="x">Institucional</subfield>
    <subfield code="y">INFORME</subfield>
  </datafield>
</record>
